Die reichsten Menschen der Welt - Statistiken

Allgemein
  • Dieses Quiz wurde 281 mal gespielt
    120 seit der letzten Aktualisierung
  • Das Durchschnittsergebnis liegt bei 4 aus 25
Antwortstatistiken
Rang Vermögen in Mrd. US-Dollar Name % Korrekt
1 303,7 Elon Musk
93%
3 219,4 Jeff Bezos
86%
14 103,7 Bill Gates
74%
4 191,7 Mark Zuckerberg
68%
6 148 Warren Buffet
34%
5 159 Bernard Arnault
26%
7 143,1 Larry Page
16%
8 136,9 Sergey Brin
8%
9 123,9 Jensen Huang
6%
2 224,8 Larry Ellison
6%
10 122,9 Steve Ballmer
5%
13 104,7 Michael Bloomberg
4%
18 94,4 Alice Walton
3%
11 121,1 Amancio Ortega
3%
16 102 Jim Walton
3%
15 103,1 Rob Walton
3%
20 74,2 Julia Koch
2%
17 99,3 Mukesh Ambani
2%
19 80,6 Carlos Slim Helu
1%
12 107,3 Michael Dell
1%
25 62 Changpeng Zhao
0%
24 67,5 Charles Koch
0%
23 69,3 David Thomson
0%
21 71,8 Francoise Bettencourt Meyers
0%
22 70,5 Gautam Adani
0%
Keine übereinstimmenden Quizze gefunden
Verteilung der Resultate
Anzahl Personen mit jedem Resultat
Perzentil nach korrekt beantworteten Fragen
Ihre Resultats-Entwicklung
Sie haben dieses Quiz seit der letzten Aktualisierung nicht gespielt